000
00264nam a2200109Ia 4500
008
230907s9999||||xx |||||||||||||| ||und||
082
_a
658.562
_b
TOT
245
0
_a
Total quality management /
260
_a
Pearson,
_b
Noida :
_c
2019
300
_a
622 p.
942
_c
BK
999
_c
601570
_d
601570